Estudio de prefactibilidad de una granja avícola localizado en el departamento de Carazo

El presente estudio evaluó la pre factibilidad de una granja avícola localizado en el departamento de Carazo que se dedique a la producción y comercialización de huevo, basándose en la determinación de la demanda y oferta, en los requerimientos técnicos necesarios (operacionales, organizacion...

Full description

Bibliographic Details
Main Authors: Bonilla Castellón, Johny Alexander, Chávez Chávez, Pedro Rolando
Other Authors: Tutor: Aguilera López, Roberto José
Format: Tesis Section = Libro
Language:Undetermined
Spanish
Published: Managua UNI 2014
Subjects:
LEADER 01307nam a2200265Ia 4500
008 240830s9999 xx 000 0 und d
040 |a BIBLIOTECA-RUPAP Mon 658.11 B715 
041 |a spa 
082 |a Mon 658.11 B715 
100 1 |a Bonilla Castellón, Johny Alexander 
100 1 |b  Chávez Chávez, Pedro Rolando 
245 1 0 |a Estudio de prefactibilidad de una granja avícola localizado en el departamento de Carazo 
260 |a Managua  |b UNI  |c 2014 
300 |a 135 p. :il. 
502 |a Tesis (Ingeniero de Sistemas)- UNI, 2014. 
520 3 |a El presente estudio evaluó la pre factibilidad de una granja avícola localizado en el departamento de Carazo que se dedique a la producción y comercialización de huevo, basándose en la determinación de la demanda y oferta, en los requerimientos técnicos necesarios (operacionales, organizacionales y legales) para ejecutar el proyecto y en los resultados brindados por los indicadores financieros y económicos. 
650 7 |a EMPRESAS - PROYECTOS |. GRANJAS AVICOLAS - ACONOMICO 
650 7 |b ANÁLISIS DE MERCADO - NICARAGUA 
650 7 |c HUEVOS - COMERCIO 
650 7 |d VENTAS - PUBLICIDAD 
650 7 |e ANÁLISIS FINANCIERO 
700 1 |a Tutor:  |b Aguilera López, Roberto José 
942 |c BK  |2 ddc 
991 |a TESIS 
999 |c 16860